| 000 | 01276nam2a22002291 4500 | ||
|---|---|---|---|
| 001 | rc\4614861 | ||
| 005 | 20250611210037.0 | ||
| 035 | _a(NLR Aleph) 008396194 | ||
| 090 |
_a9207721 _c9207721 |
||
| 100 | _a20130416d1965 |||y0rusy50 ca | ||
| 101 | 0 | _arus | |
| 102 | _aRU | ||
| 105 | _ay z ||||| | ||
| 200 | 0 | _a... за 1964 г. | |
| 210 |
_d1965 _aБ. м. |
||
| 215 | _a107 с. | ||
| 461 | 0 |
_1001rc\4614860 _12001#$aКраткий отчет о работе НИГРИ...$fГос. ком. по черной и цв. металлургии при Госплане СССР. Науч.-исслед. горнорудный ин-т НИГРИ. Отд. науч.-техн. информации$v... за 1964 г. _99207716 _aНаучно-исследовательский горнорудный институт (Кривой Рог) _cКривой Рог _d1965 _fГос. ком. по черной и цв. металлургии при Госплане СССР. Науч.-исслед. горнорудный ин-т НИГРИ. Отд. науч.-техн. информации _nБ. и. _tКраткий отчет о работе НИГРИ... _v... за 1964 г. |
|
| 801 | 0 |
_aRU _bNLR _gpsbo |
|
| 801 | 1 |
_aRU _bELAR _2rusmarc |
|
| 852 |
_aNLR _j65-7/2005 |
||
| 942 | _cBOOK | ||
| 980 | _aNB | ||